ATLAS OF GENERAL SURGERY VOL-1 (Record no. 796593)

MARC details
000 -LEADER
fixed length control field 00425pam a2200157 a 4500
020 ## - INTERNATIONAL STANDARD BOOK NUMBER
International Standard Book Number 8180618943
Terms of availability
041 ## - LANGUAGE CODE
Language code of original
082 ## - DEWEY DECIMAL CLASSIFICATION NUMBER
Classification number 617
Item number CAR/RUS
100 ## - MAIN ENTRY--PERSONAL NAME
Personal name CARTER S.D.,RUSSELL R.C.,PITT H.A.
245 ## - TITLE STATEMENT
Title ATLAS OF GENERAL SURGERY VOL-1
Statement of responsibility, etc. NULL.
Medium Textual Documents
250 ## - EDITION STATEMENT
Edition statement 3 ED/
Remainder of edition statement .
260 ## - PUBLICATION, DISTRIBUTION, ETC.
Place of publication, distribution, etc. NULL :
Name of publisher, distributor, etc. HODDER ARNOLD ,
Date of publication, distribution, etc. 2006.
300 ## - PHYSICAL DESCRIPTION
Extent 515 : :
Other physical details XLVII ; ;
Dimensions A4 . +
Accompanying material HB.
650 ## - SUBJECT ADDED ENTRY--TOPICAL TERM
Topical term or geographic name entry element SURGERY
930 ## - EQUIVALENCE OR CROSS-REFERENCE-UNIFORM TITLE HEADING [LOCAL, CANADA]
Uniform title 2057
Holdings
Withdrawn status Lost status Damaged status Not for loan Collection Home library Current library Date acquired Source of acquisition Cost, normal purchase price Total Checkouts Full call number Barcode Date due Date last seen Date last checked out Copy number Price effective from Koha item type
          Medical College & Hospital, Sangli Medical College & Hospital, Sangli 27/08/2007 B.M.S.G.B.PUNE 997.50 1 617 CAR/RUS MCS-6944 01/10/2043 06/10/2023 06/10/2023 2 26/07/2023 Book
          Medical College & Hospital, Sangli Medical College & Hospital, Sangli 27/08/2007 B.M.S.G.B.PUNE 997.50 1 617 CAR/RUS MCS-5140 01/10/2043 06/10/2023 06/10/2023 1 26/07/2023 Book